02827nam a2200373 a 450000500170000000800410001702000180005804100080007609200200008410000280010424500510013225001220018326000450030530000160035050001390036665300580050565300490056365300200061265300160063265300160064865300200066470000270068470000290071194200150074099900150075595201830077095201690095395201820112295202740130495202620157895202060184095202020204695202050224820240220093019.0100708s2014 sp a f |||| 001 0 spa d a9788490224113 aspa c616.01l54sMUR1 aMurray, Patrick R.9717 aMicrobiología Médica /cPatrick R. Murray. a7a ed. versión en español de la 7a ed. original en inglésbRevisión Alberto Delgado-Iribarren García-Campos aBarcelona: bElsevier ; Saunders;c2014. a872 p.bil. aMurray, P. R., Rosenthal, K. S. y Pfaller, M. A. (Col.). (2014). Microbiología Médica. (7a ed.). Barcelona : Elsevier ; Saunders.  aPrincipios generales del diagnóstico de laboratorio aConceptos básicos de respuesta inmunitaria aBacteriología aVirología aMicología aParasitología1 aRosenthal, Ken S.97181 aPfaller, Michael A.9719 2ddccBK01 c2096d2096 00102ddc4070aBFMbBFMcCRd2014-06-03g589.00l121m8o616.01 54 MURp3313r2026-04-21s2026-04-14tEj.13w2014-06-03yBKzCOMPRA PROMED 3ER AÑO, JUNIO 2014. Sede Tordos.f 00102ddc4070aBFMbBFMcCRd2014-06-03g589.00l219m32o616.01 54 MURp3314r2026-05-21s2026-04-30tEj.14w2014-06-03yBKzCOMPRA PROMED, 3ER AÑO. JUNIO 2014 00102ddc40708NFICaBFMbBFMcCRd2016-04-19ePROMEDg1300.00l129m24o616.01 54 MURp3673r2025-05-09s2025-04-29tEj. 15w2016-04-19yBKzPROMED 3ER AÑO. Sede Tordos. f 00102ddc40708NFICaBFMbBFMcCRd2016-04-19ePROMEDg1300.00l107m17o616.01 54 MURp3674r2026-04-30s2026-04-14tEj. 16w2016-04-19yBKzPROMED 3ER AÑO. Ejemplar devuelto (Leandro Figueras) con hoja rota, se recuperó y sigue en circulación. Sede Tordos. f 00102ddc405171aBFMbBFMcSTAFFd2016-04-19ePROMEDg1300.00l75m10o616.01 54 MURr2018-06-12s2018-05-21tEj. 17w2016-04-19yBKzPROMED 3ER AÑO. Ejemplar dado de baja y reemplazado por una edicion nueva, se le asigna el mismo numero de inventario. 00102ddc4070aBFMbBFMcCRd2025-03-25eDonación Maria Paz Villegas, Marzo 2025l1o616.01 54 MURp4991r2025-04-22s2025-04-16tEj. 23w2025-03-25yBKzDonación Maria Paz Villegas, Marzo 2025f 00102ddc40708NFICaBFMbBFMcCRd2025-11-27eDonación noviembre 2025l4o616.01 54 MURp5128r2026-04-15s2026-04-09tEj.24 w2025-11-28yBKzDonación Barros Medel Lilian, noviembre 2025.f 00102ddc4070aBFMbBFMcCRd2026-04-15eDonación Urrutia, Micaela. Abril 2026.l0o616.01 54 MURp5147r2026-04-15tEj. 25w2026-04-15yBKzDonación Urrutia, Micaela. Abril 2026. Sede Tordos.f